01042nam a22002057a 4500003000400000005001700004008004100021040002200062082001500084100002000099245004700119260007900166300002000245490002000265505037300285650004100658650005200699650004200751651004300793OSt20230823105935.0221006b |||||||| |||| 00| 0 eng d cBiblioteca Lado V a792bS349p aSchmidt, Carlos aPropuesta/bRevista de Memoria Escénica/ c2012bCentro de Documentación y Archivo en Artes EscénicasaCosta Rica c21.5x28cma39p. a1v1x2215-3209 aVIAJANTES EZZACTA LAS DOÑAS ¡CALLADITO MÁS BONITO! MATERIA EXÓTICA EL CHICO DE LA ÚLTIMA FILA EL ÚLTIMO JUEGO EL CUARTO DE VERÓNICA FESTIVAL NACIONAL DE DANZA EN MACETA LOS ENREDOS DE JUAN VAINAS LOS DE CUADRADO VIAJEMOS EN COMEDIA ESTUDIANTES LA RAZÓN BÑINDADA MUJERES DE PAR EN PAR MUJERES CON AROMA DE CAFÉ...CONCERTtPRIMERA FILA 2Tesauro de Arte & ArquitecturaaARTE 2Tesauro de Arte & ArquitecturaaARTES ESCENICAS 2Tesauro de Arte & ArquitecturaaCIRCO 2Tesauro de Arte & ArquitecturaaTEATRO